Kurs teoretičeskoj fiziki. Tom 1, teorija elektromagnitnogo polja, teorija otnositeľnosti, statističeskaja fizika, elektromagnitnyje processy v veščestve /

Gespeichert in:
Bibliographische Detailangaben
1. Verfasser: Levič, Veniamin Grigorjevič (VerfasserIn)
Format: Buch
Sprache:Russisch
Veröffentlicht: Moskva : Nauka, 1969
Ausgabe:2. pererab. izd.
Schlagworte:
Online-Zugang: Volltext
Tags: Tag hinzufügen
Keine Tags, Fügen Sie den ersten Tag hinzu!

MARC

LEADER 00000cam a2200000 4500
003 SK-BrCVT
005 20220621165150.0
008 080718s1969 rur e ||||||rus d
035 |a CVTIDW1453576 
040 |b slo  |a CVTI SR  |e AACR2 
041 0 |a rus 
044 |a rur 
080 |a 53  |2 UDC-MRF 
100 1 |a Levič, Veniamin Grigorjevič  |4 aut 
245 1 0 |a Kurs teoretičeskoj fiziki.  |n Tom 1,  |p teorija elektromagnitnogo polja, teorija otnositeľnosti, statističeskaja fizika, elektromagnitnyje processy v veščestve /  |c Veniamin Grigorjevič Levič 
250 |a 2. pererab. izd. 
260 |a Moskva :  |b Nauka,  |c 1969 
300 |a 910 s. 
653 1 |a fyzika  |a elektromagnetické pole  |a teória relativity  |a štatistická fyzika 
910 |b A259702  |b A266361 
974 |f Knihy 
992 |a AUV 
999 |c 168373  |d 168373